Một số quan điểm xã hội học của Durkheim : Sách chuyên khảo

Giới thiệu về thân thế và sự nghiệp của Emile Durkheim và một số quan điểm của ông về xã hội học

Sparad:
Bibliografiska uppgifter
Huvudupphovsman: Nguyễn, Quý Thanh
Materialtyp: Bok
Språk:Undetermined
Publicerad: Hà Nội Nxb. Đại học Quốc gia Hà Nội 2011
Ämnen:
Taggar: Lägg till en tagg
Inga taggar, Lägg till första taggen!
Thư viện lưu trữ: Trung tâm Học liệu Trường Đại học Cần Thơ
LEADER 00950nam a2200229Ia 4500
001 CTU_237434
008 210402s9999 xx 000 0 und d
082 |a 301.01 
082 |b Th107 
100 |a Nguyễn, Quý Thanh 
245 0 |a Một số quan điểm xã hội học của Durkheim : 
245 0 |b Sách chuyên khảo 
245 0 |c Nguyễn Quý Thanh (Chủ biên), Nguyễn Quý Nghị, Lê Ngọc Hùng 
260 |a Hà Nội 
260 |b Nxb. Đại học Quốc gia Hà Nội 
260 |c 2011 
520 |a Giới thiệu về thân thế và sự nghiệp của Emile Durkheim và một số quan điểm của ông về xã hội học 
526 |a Xã hội học văn hóa,Nhập môn xã hội học 
526 |b XN352,XH078 
650 |a Xã hội học,Sociology 
910 |b nthai 
980 |a Trung tâm Học liệu Trường Đại học Cần Thơ